00402nam a2200157Ia 4500008004100000020001800041245002900059245005700088260001500145260001600160260000900176300001600185300002500201300001000226500000800236170705s9999 xx 000 0 und d a9780439701679 4aThe tale of despereaux / cKate DiCamillo ; illustrated by Timothy Basil Ering. aNew York : bScholastic, c2003 a267 pages : bcolor illustration ; c19cm. a670